Регионална библиотека "Любен Каравелов" - Русе

Образи на светци в изобразителното изкуство (Запис номер 82465)

MARC детайли
000 -Лидер
Контролно поле с фиксирана дължина 01558nam a2200373 c 4500
003 - Код на организацията, давaща контролен номер
Контролно поле BLK
005 - Дата и час на последна редакция
Контролно поле 20180420224657.0
008 - Елементи от данни с фиксирана дължина
fixed length control field 180408b bul|||||r ||||||| ||bul||
010 ## - Наследен системен номер
LC control number KNG00086996000
020 ## - Международен стандартен номер на книга ISBN
Международен стандартен номер на книга ISBN 978-954-92002-4-9
-- издат.: Нар. библ. П. Р. Славейков
040 ## - Източник на каталожния запис
Идентификатор на билиотеката - собственик на записа BLK
041 ## - Код за език
Код за езика на текст/звукозапис или на отделно заглавие Български
Код за езика КДБФ Български
080 ## - УДК
Текстов определител УДК Специална библиография
УДК код - определител по УДК 016
УДК определител :75.046(497.2)
УДК - код + определител 016:75.046(497.2)
080 ## - УДК
Текстов определител УДК Религиозна живопис
УДК код - определител по УДК 75.046
УДК определител (497.2)(01)
УДК - код + определител 75.046(497.2)(01)
139 ## - Редно поле
Редна дума Денева, Цветанка и др.
Авторски знак Дене - Д 42
245 10 - Сведения за заглавието
Заглавие Образи на светци в изобразителното изкуство
Подзаглавни данни Библиогр.
Редно поле (дума) състав. Цветанка Денева; съавт. Недка Йовчева.
257 ## - Страна на издаване
Страна на създаване/издаване България
260 ## - Област на издателските данни
-- В. Търново
Име на издателя, разпространителя и проч. Нар. библ. П. Р. Славейков
Година на издаване 2008
Печатница Мареа дизайн
300 ## - Физическа характеристика
Страници 35 с., 2 л.
Илюстрации и др. цв. ил.
Размери/Мащаб 22 см
380 ## - Жанр
Жанр Общ отдел
490 1# - СЕРИИ (Колекции)
Име на серия Поредица Духовност и съвремие
№: серия 1
650 #4 - Допълнително описание по предмет – тема
Основно описание – тема или топоним Икони, български
9 (RLIN) 247074
653 ## - Ключова дума – ненормативна
Ключова дума икони
653 ## - Ключова дума – ненормативна
Ключова дума светци
653 ## - Ключова дума – ненормативна
Ключова дума изобразително изкуство
653 ## - Ключова дума – ненормативна
Ключова дума библиография
700 1# - Други автори (авторска отговорност)
Лично име Денева, Цветанка
Автороска отговорност (Описва отношението между автора и произведението) състав.
9 (RLIN) 300536
700 1# - Други автори (авторска отговорност)
Лично име Йовчева, Недка
Автороска отговорност (Описва отношението между автора и произведението) съавт.
9 (RLIN) 300537
852 ## - Местоположение
Форматна сигнатура Цб 242195
856 4# - Електронен адрес и достъп
Електронен формат pdf - файл
Път до файла /url/
856 4# - Електронен адрес и достъп
Електронен формат pdf - файл
Път до файла /url/
942 ## - АРТИКУЛИ
Вид на библиотечния материал Книги
Скрит в OPAC Не
944 ## - СЪЗДАВАНЕ И РЕДАКЦИЯ на ЗАПИСА
Създаване/Редакция Създаване
Дата на регистрацията/редакция 22.12.2008
Статус, дата на статуса ф /
Служител, извършил регистрацията/редакцията Валя_Йорданова
944 ## - СЪЗДАВАНЕ И РЕДАКЦИЯ на ЗАПИСА
Създаване/Редакция Редакция
Дата на регистрацията/редакция 02.03.2010
Статус, дата на статуса ф /
Служител, извършил регистрацията/редакцията
999 ## - СИСТЕМНИ КОНТРОЛНИ НОМЕРА
Koha biblionumber 82465
Koha biblioitemnumber 82465
Наличности
Код за отписване Код за изгубен артикул Източник на класификационната схема Код за повреда Коз за рестрикции Код за отдаване Артикулен № Име на библиотеката - собственик Име на библиотеката, в която се намира в момента Статус (Текущо местоположение) Дата на вписване в системата Местоположение - отдел Цена в лева Инвентарен номер Систематично азбучна сигнатура Баркод Номер на екземпляра Цена в евро Служебна бележка Служебен тип на артикула
  Не е изгубен Universal Decimal Classification Не е повреден само за читалня ползва се в читалня 134194 Регионална библиотека "Любен Каравелов" Русе Регионална библиотека "Любен Каравелов" Русе СБИД 2008-12-22 СБИД 3.00 120000732364 С 016:7/Д 42 120000732364 1 1.53 Дост: DA Вид: А N: 16 Дата: 22.12.2008 Дата инв: 15.06.2017 Бележки инв: СИ2017 Книги
  Не е изгубен   Не е повреден без рестрикции ползва се в читалня 134195 Регионална библиотека "Любен Каравелов" Русе Регионална библиотека "Любен Каравелов" Русе Хранилище 2010-03-02 Хранилище 0.00 120000742517 Цб 242195 120000742517 2 0.00 Дост: Dp Вид: Д N: 36 Дата: 26.08.2009 Книги
Vip Innovations Ltd, Rousse, Bulgaria 2025